| 000 | 00528nam a22001697a 4500 | ||
|---|---|---|---|
| 999 |
_c62276 _d62276 |
||
| 005 | 20240912162718.0 | ||
| 008 | 240912s2024 enk||||| |||| 00| 0 eng d | ||
| 020 | _a 9798823312998x | ||
| 041 | _aeng | ||
| 080 | _a352 Kh-42 | ||
| 100 |
_aKhan, Haroon _923207 |
||
| 245 |
_aAn Introduction to Public Administration: _bConcepts and Cases / _cHaroon Khan. |
||
| 264 |
_aSan Diego : _bCognella, _c2024. |
||
| 300 |
_a206 p.: _bill.; _c26 cm. |
||
| 653 | _aსაჯარო მმართველობა | ||
| 942 |
_2udc _cBK |
||